[Event "45. Open de Mislata 2011 - Grupo C"]
[Site "Mislata ESP"]
[Date "2011.08.15"]
[Round "1.1"]
[White "Poveda Cano, Luis"]
[Black "Del Rosario Hervas, Enrique Mar"]
[Result "1-0"]
[WhiteElo "1892"]
[BlackElo "1604"]
[PlyCount "45"]
[EventDate "2011.08.15"]
[EventType "swiss"]
[EventRounds "9"]
[EventCountry "ESP"]
[Source "lmi"]
[SourceDate "2011.08.15"]

1. e4 e5 2. f4 d5 3. exd5 e4 4. Nc3 Nf6 5. d3 Bb4 6. Bd2 exd3 7. Bxd3 Bg4 8.
Nf3 O-O 9. O-O Bc5+ 10. Kh1 Nxd5 11. Bxh7+ Kxh7 12. Ng5+ Qxg5 13. fxg5 Bxd1 14.
Nxd5 Na6 15. Raxd1 c6 16. Nf4 Rae8 17. Rde1 Nb4 18. Bxb4 Bxb4 19. Rxe8 Rxe8 20.
Nd3 Bd2 21. Rxf7 Bxg5 22. Rxb7 Re2 23. Rxa7 1-0

[Event "45. Open de Mislata 2011 - Grupo C"]
[Site "Mislata ESP"]
[Date "2011.08.15"]
[Round "1.2"]
[White "Lopez Benlloch, Vicente"]
[Black "Marco Francisco, Miriam"]
[Result "1-0"]
[WhiteElo "1603"]
[BlackElo "1891"]
[PlyCount "75"]
[EventDate "2011.08.15"]
[EventType "swiss"]
[EventRounds "9"]
[EventCountry "ESP"]
[Source "lmi"]
[SourceDate "2011.08.15"]

1. e4 c5 2. Nf3 d6 3. c3 Nf6 4. d3 g6 5. Be2 Bg7 6. Bg5 Nc6 7. Nbd2 O-O 8. O-O
a6 9. a4 Be6 10. Be3 Rc8 11. Qc2 Ng4 12. Bf4 Bd7 13. h3 e5 14. Bg3 Nh6 15. Nc4
Be6 16. Ne3 f5 17. Bh4 Qe8 18. Ng5 f4 19. Nd5 Nf7 20. Nxe6 Qxe6 21. Bg4 Qe8 22.
Bxc8 Qxc8 23. f3 g5 24. Be1 h5 25. b4 cxb4 26. cxb4 Qe6 27. Bc3 Nh6 28. Qe2 g4
29. hxg4 hxg4 30. fxg4 Nxg4 31. Rf3 Qh6 32. Rh3 Qg5 33. Rf1 Rf7 34. Qf3 Nd8 35.
Be1 Qg6 36. Bh4 Ne6 37. Ne7+ Rxe7 38. Bxe7 1-0

[Event "45. Open de Mislata 2011 - Grupo C"]
[Site "Mislata ESP"]
[Date "2011.08.15"]
[Round "1.3"]
[White "Medialdea Fernandez, Hernando"]
[Black "Sanchis, Fernand"]
[Result "1-0"]
[WhiteElo "1887"]
[BlackElo "1602"]
[PlyCount "69"]
[EventDate "2011.08.15"]
[EventType "swiss"]
[EventRounds "9"]
[EventCountry "ESP"]
[Source "lmi"]
[SourceDate "2011.08.15"]

1. Nf3 d5 2. d4 e6 3. e3 Nf6 4. b3 Be7 5. Bb2 b6 6. Nbd2 Bb7 7. Be2 O-O 8. O-O
Nbd7 9. c4 Ne4 10. a3 Nxd2 11. Nxd2 Nf6 12. b4 c5 13. dxc5 bxc5 14. b5 d4 15.
exd4 cxd4 16. Bf3 Bxf3 17. Nxf3 d3 18. Ne5 d2 19. Nc6 Qc7 20. Nxe7+ Qxe7 21.
Qxd2 Ne4 22. Qe3 f5 23. a4 Rfd8 24. Ba3 Qf7 25. c5 Rd5 26. Rad1 Rad8 27. Rxd5
Rxd5 28. Re1 Qd7 29. c6 Qd8 30. Bb4 Rd3 31. Qxa7 Rd1 32. c7 Rxe1+ 33. Bxe1 Qf8
34. Qb8 Nd6 35. Qxf8+ 1-0

[Event "45. Open de Mislata 2011 - Grupo C"]
[Site "Mislata ESP"]
[Date "2011.08.15"]
[Round "1.4"]
[White "Martinez Jimenez, Francisco"]
[Black "Buenafe Moya, Jesus"]
[Result "0-1"]
[WhiteElo "1580"]
[BlackElo "1874"]
[PlyCount "80"]
[EventDate "2011.08.15"]
[EventType "swiss"]
[EventRounds "9"]
[EventCountry "ESP"]
[Source "lmi"]
[SourceDate "2011.08.15"]

1. d4 Nf6 2. Nf3 c5 3. e3 e6 4. c3 d5 5. Bd3 Bd6 6. O-O Nc6 7. Nbd2 O-O 8. h3
Qc7 9. Re1 e5 10. dxe5 Nxe5 11. Nxe5 Bxe5 12. Nf3 Ne4 13. Qc2 f5 14. Nxe5 Qxe5
15. f4 Qe7 16. Bxe4 dxe4 17. b3 Be6 18. Ba3 b6 19. Rad1 Rad8 20. c4 Bf7 21. Bb2
Bh5 22. Rd5 Rxd5 23. cxd5 Rd8 24. Qc4 Qd6 25. Qa6 Qxd5 26. Qxa7 Bf7 27. Re2 Ra8
28. Qxb6 Qd3 29. Kf2 Bh5 30. Qe6+ Kh8 31. g4 fxg4 32. hxg4 Re8 33. Qf5 Bg6 34.
Qxc5 Qd8 35. Bd4 Qh4+ 36. Kf1 Qxg4 37. Ke1 Bh5 38. Qb5 Qg1+ 39. Kd2 Rc8 40.
Bxg7+ Qxg7 0-1

[Event "45. Open de Mislata 2011 - Grupo C"]
[Site "Mislata ESP"]
[Date "2011.08.15"]
[Round "1.5"]
[White "Romero Calduch, Sergio"]
[Black "Gimeno Simo, Sergio"]
[Result "1-0"]
[WhiteElo "1870"]
[BlackElo "1568"]
[PlyCount "73"]
[EventDate "2011.08.15"]
[EventType "swiss"]
[EventRounds "9"]
[EventCountry "ESP"]
[Source "lmi"]
[SourceDate "2011.08.15"]

1. d4 Nf6 2. Nf3 d5 3. c4 dxc4 4. Nc3 Bg4 5. Ne5 Bf5 6. f3 Nc6 7. Nxc6 bxc6 8.
e4 Be6 9. Be3 Rb8 10. Rb1 g6 11. Qa4 Bg7 12. Qxc6+ Qd7 13. Qa6 c6 14. Na4 Qc7
15. Nc5 Bc8 16. Qxc4 Qa5+ 17. b4 Qc7 18. Be2 a5 19. O-O axb4 20. Rxb4 Ra8 21.
Rfb1 O-O 22. Ra4 Rxa4 23. Qxa4 Nd7 24. Qb4 Qa7 25. a3 Re8 26. Kf2 Qc7 27. e5
Nxc5 28. Qxc5 Be6 29. Rc1 Bd5 30. Qxd5 Rc8 31. Qc4 Qa5 32. Qa6 Qd8 33. Rxc6 Ra8
34. Qc4 e6 35. a4 Qh4+ 36. Kf1 Qxh2 37. Rc8+ 1-0

[Event "45. Open de Mislata 2011 - Grupo C"]
[Site "Mislata ESP"]
[Date "2011.08.15"]
[Round "1.6"]
[White "Martinez Garcia, Jesus"]
[Black "Morenilla Rocher, Fernando"]
[Result "0-1"]
[WhiteElo "1554"]
[BlackElo "1867"]
[PlyCount "64"]
[EventDate "2011.08.15"]
[EventType "swiss"]
[EventRounds "9"]
[EventCountry "ESP"]
[Source "lmi"]
[SourceDate "2011.08.15"]

1. e4 e5 2. Nf3 Nc6 3. Bb5 Nd4 4. c3 Nxb5 5. Nxe5 Qg5 6. Ng4 d5 7. d3 Qxg4 8.
O-O Qxd1 9. Rxd1 dxe4 10. dxe4 Bg4 11. Rd5 c6 12. Re5+ Be6 13. a4 O-O-O 14. Nd2
Nc7 15. b4 g6 16. Rg5 Bh6 17. Re5 Bxd2 18. Bb2 f6 19. Ra5 a6 20. Rc5 Ne7 21. a5
Bb3 22. c4 Rhf8 23. h3 Ne6 24. Bxf6 Rxf6 25. Re5 Bc3 26. Rxe6 Rxe6 27. Ra3 Be5
28. f4 Rd1+ 29. Kf2 Bd4+ 30. Kf3 Rd3+ 31. Ke2 Re3+ 32. Kd2 R6xe4 0-1

[Event "45. Open de Mislata 2011 - Grupo C"]
[Site "Mislata ESP"]
[Date "2011.08.15"]
[Round "1.7"]
[White "Corrales Ucles, Eduardo"]
[Black "Furio Martinez, Francisco"]
[Result "1/2-1/2"]
[WhiteElo "1862"]
[BlackElo "1551"]
[PlyCount "69"]
[EventDate "2011.08.15"]
[EventType "swiss"]
[EventRounds "9"]
[EventCountry "ESP"]
[Source "lmi"]
[SourceDate "2011.08.15"]

1. d4 e6 2. c4 d5 3. g3 Nf6 4. Bg2 c6 5. Nf3 Be7 6. O-O Nbd7 7. cxd5 cxd5 8.
Nc3 O-O 9. Bf4 a6 10. Rc1 Nh5 11. Bd2 b5 12. Ne5 Bb7 13. e4 Nhf6 14. exd5 Nxe5
15. dxe5 Nxd5 16. Nxd5 Bxd5 17. Be3 Bc4 18. Bxa8 Bxf1 19. Qxd8 Rxd8 20. Kxf1
Rxa8 21. Rc7 Kf8 22. Ke2 Ke8 23. b3 Bd8 24. Rc6 Kd7 25. Rd6+ Kc8 26. Rd3 Be7
27. Bb6 Rb8 28. Rc3+ Kb7 29. Ba5 Rc8 30. Kd3 Rc6 31. Ke4 Rxc3 32. Bxc3 Kc6 33.
b4 Bd8 34. f4 Be7 35. g4 1/2-1/2

[Event "45. Open de Mislata 2011 - Grupo C"]
[Site "Mislata ESP"]
[Date "2011.08.15"]
[Round "1.8"]
[White "Aupi Royo, Juan Ignacio"]
[Black "Pinazo Hernandez, Miguel"]
[Result "1-0"]
[WhiteElo "1853"]
[BlackElo "1486"]
[PlyCount "97"]
[EventDate "2011.08.15"]
[EventType "swiss"]
[EventRounds "9"]
[EventCountry "ESP"]
[Source "lmi"]
[SourceDate "2011.08.15"]

1. d4 g6 2. Nf3 Bg7 3. g3 Nf6 4. Bg2 O-O 5. c4 Re8 6. O-O c6 7. Nc3 d6 8. e4 e5
9. dxe5 dxe5 10. Bg5 Qxd1 11. Raxd1 Nbd7 12. Rd2 h6 13. Be3 Ng4 14. Rfd1 Nxe3
15. fxe3 Nb6 16. b3 Be6 17. c5 Nc8 18. Kf2 Ne7 19. Rd6 g5 20. h3 Bf8 21. R6d2
Ng6 22. Na4 Rab8 23. Bf1 b5 24. cxb6 axb6 25. Rc2 Rec8 26. g4 Bg7 27. Nb2 Nf8
28. Rd6 Bd7 29. Rcd2 Rc7 30. Rc2 Ne6 31. Rd1 Nc5 32. Nd2 Ra8 33. Nbc4 Rd8 34.
Nxb6 Bxg4 35. hxg4 Nxe4+ 36. Kf3 Nc3 37. Rxc3 e4+ 38. Nxe4 Rxd1 39. Be2 Ra1 40.
Rc2 f5 41. gxf5 Rf7 42. Bc4 Rf1+ 43. Bxf1 Rxf5+ 44. Ke2 g4 45. Rxc6 h5 46. Rg6
Kh7 47. Rg5 Rxg5 48. Nxg5+ Kg6 49. Ne6 1-0

[Event "45. Open de Mislata 2011 - Grupo C"]
[Site "Mislata ESP"]
[Date "2011.08.15"]
[Round "1.9"]
[White "Gonzalez Garcia, Soraya"]
[Black "Maseda Iglesias, Luis"]
[Result "1/2-1/2"]
[WhiteElo "1484"]
[BlackElo "1851"]
[PlyCount "52"]
[EventDate "2011.08.15"]
[EventType "swiss"]
[EventRounds "9"]
[EventCountry "ESP"]
[Source "lmi"]
[SourceDate "2011.08.15"]

1. e4 e6 2. c3 d5 3. exd5 exd5 4. d4 Bd6 5. Nf3 Ne7 6. Be3 Bg4 7. Be2 Nbc6 8.
O-O Qd7 9. Nbd2 f6 10. a3 O-O 11. b4 Ng6 12. Nb3 Nf4 13. Bxf4 Bxf4 14. Nc5 Qc8
15. Qc2 b6 16. Nd3 Bd6 17. Rae1 Ne7 18. Nd2 Bxe2 19. Rxe2 Ng6 20. g3 Qd7 21.
Rfe1 Rae8 22. Nf1 Kf7 23. Ne3 c6 24. Kg2 b5 25. Nf1 Ne7 26. h4 g6 1/2-1/2

[Event "45. Open de Mislata 2011 - Grupo C"]
[Site "Mislata ESP"]
[Date "2011.08.15"]
[Round "1.10"]
[White "Gomez Manzano, Francisco Carlos"]
[Black "Gomez Sanjuan, Hector Fernando"]
[Result "1-0"]
[WhiteElo "1849"]
[BlackElo "1479"]
[PlyCount "103"]
[EventDate "2011.08.15"]
[EventType "swiss"]
[EventRounds "9"]
[EventCountry "ESP"]
[Source "lmi"]
[SourceDate "2011.08.15"]

1. c4 c5 2. g3 Nc6 3. Bg2 g6 4. Nc3 Bg7 5. Nf3 e6 6. O-O Nge7 7. d3 O-O 8. Rb1
Qb6 9. Bd2 Rd8 10. Na4 Qc7 11. Nxc5 b6 12. Ne4 Bb7 13. b4 Nf5 14. b5 Ncd4 15.
Nxd4 Nxd4 16. e3 Nf5 17. Rc1 Bxe4 18. Bxe4 Rac8 19. d4 Ne7 20. Bg2 d6 21. a4
Qb8 22. Qe1 d5 23. c5 bxc5 24. dxc5 Nf5 25. Ba5 Re8 26. Qd1 Bh6 27. Rc2 Nxe3
28. fxe3 Bxe3+ 29. Kh1 Bxc5 30. Qf3 f5 31. Rfc1 Bf8 32. Rc6 Rxc6 33. Rxc6 Rc8
34. Rxe6 Rc1+ 35. Bf1 Qb7 36. Kg2 Rc2+ 37. Be2 Qd7 38. Re5 Bg7 39. Rxd5 Rxe2+
40. Kf1 Re3 41. Qd1 Qe6 42. Rd8+ Bf8 43. Qc2 Rf3+ 44. Kg2 Re3 45. Kf2 Ra3 46.
Rxf8+ Kxf8 47. Bb4+ Kf7 48. Bxa3 Qd5 49. Qc7+ Kg8 50. Qc8+ Kf7 51. Qf8+ Ke6 52.
Qe7# 1-0

[Event "45. Open de Mislata 2011 - Grupo C"]
[Site "Mislata ESP"]
[Date "2011.08.16"]
[Round "2.1"]
[White "Salcedo Adelantado, Gabriel"]
[Black "Poveda Cano, Luis"]
[Result "0-1"]
[WhiteElo "1690"]
[BlackElo "1892"]
[PlyCount "56"]
[EventDate "2011.08.15"]
[EventType "swiss"]
[EventRounds "9"]
[EventCountry "ESP"]
[Source "lmi"]
[SourceDate "2011.08.15"]

1. e4 c5 2. Nf3 d6 3. Bc4 Nc6 4. d4 cxd4 5. Nxd4 Nf6 6. Nc3 Qb6 7. Nxc6 bxc6 8.
Bb3 Ba6 9. Be3 Qc7 10. Qf3 e6 11. O-O-O Be7 12. g4 Nd7 13. Qg3 Qa5 14. Rd4 Nc5
15. Ba4 Bb5 16. b4 Qa6 17. bxc5 dxc5 18. Bxb5 cxb5 19. Rdd1 Qa3+ 20. Kb1 Qxc3
21. Rd3 Qa5 22. Rhd1 O-O 23. Rd7 c4 24. Bd2 Bb4 25. c3 Qa4 26. Qf3 Ba3 27. Rb7
Rad8 28. Rf1 Rxd2 0-1

[Event "45. Open de Mislata 2011 - Grupo C"]
[Site "Mislata ESP"]
[Date "2011.08.16"]
[Round "2.3"]
[White "Fernandez Garcia, Leon"]
[Black "Romero Calduch, Sergio"]
[Result "0-1"]
[WhiteElo "1662"]
[BlackElo "1870"]
[PlyCount "69"]
[EventDate "2011.08.15"]
[EventType "swiss"]
[EventRounds "9"]
[EventCountry "ESP"]
[Source "lmi"]
[SourceDate "2011.08.15"]

1. e4 Nf6 2. Nc3 d5 3. exd5 Nxd5 4. Nge2 Bg4 5. f3 Bh5 6. d4 e6 7. Nxd5 exd5 8.
Nc3 Nc6 9. Qe2+ Be7 10. Be3 Qd7 11. O-O-O O-O-O 12. a3 Rhe8 13. g4 Bg6 14. h4
Bf6 15. Qf2 Qe7 16. g5 Qxe3+ 17. Qxe3 Rxe3 18. gxf6 gxf6 19. Bg2 Ne7 20. Rde1
Rxe1+ 21. Rxe1 Nf5 22. Bh3 h5 23. Re7 Rd7 24. Rxd7 Kxd7 25. Nxd5 Kd6 26. Nxf6
Nxd4 27. Ne4+ Bxe4 28. fxe4 Ke5 29. c3 Nf3 30. Bc8 Nxh4 31. Kd2 Nf3+ 32. Ke2
Ng5 33. Ke3 h4 34. b3 h3 35. Kf2 0-1

[Event "45. Open de Mislata 2011 - Grupo C"]
[Site "Mislata ESP"]
[Date "2011.08.16"]
[Round "2.4"]
[White "Gimenez Sanchis, Jose Antonio"]
[Black "Aupi Royo, Juan Ignacio"]
[Result "1-0"]
[WhiteElo "1652"]
[BlackElo "1853"]
[PlyCount "85"]
[EventDate "2011.08.15"]
[EventType "swiss"]
[EventRounds "9"]
[EventCountry "ESP"]
[Source "lmi"]
[SourceDate "2011.08.15"]

1. d4 Nf6 2. c4 g6 3. Nc3 Bg7 4. Nf3 O-O 5. e4 d6 6. h3 e5 7. d5 a5 8. Bd3 Na6
9. a3 Nc5 10. Bc2 b6 11. Be3 Ne8 12. Bxc5 bxc5 13. Qd2 f5 14. exf5 Bxf5 15. Ne4
Nf6 16. Qe2 Rb8 17. Rb1 Nxe4 18. Bxe4 Bxe4 19. Qxe4 Rf4 20. Qc2 Qf6 21. O-O e4
22. Nd2 Rxb2 23. Rxb2 Qxb2 24. Qxb2 Bxb2 25. a4 Rf8 26. Nxe4 Rb8 27. Rb1 Rb4
28. Ng5 Bd4 29. Re1 Bf6 30. Re8+ Kg7 31. Ne6+ Kh6 32. g4 g5 33. Nxc7 Rxc4 34.
Re6 Kg6 35. Ne8 Rf4 36. Nxd6 h5 37. gxh5+ Kxh5 38. Re4 Kg6 39. Rxf4 gxf4 40. f3
Be5 41. Nc4 Bc7 42. Kh2 Bd8 43. Kg2 1-0

[Event "45. Open de Mislata 2011 - Grupo C"]
[Site "Mislata ESP"]
[Date "2011.08.16"]
[Round "2.6"]
[White "Manez, Alino Salvador"]
[Black "Vera Juan, Andreu"]
[Result "1-0"]
[WhiteElo "1844"]
[BlackElo "1683"]
[PlyCount "33"]
[EventDate "2011.08.15"]
[EventType "swiss"]
[EventRounds "9"]
[EventCountry "ESP"]
[Source "lmi"]
[SourceDate "2011.08.15"]

1. e4 c5 2. Nf3 d6 3. d4 cxd4 4. Nxd4 Nf6 5. Nc3 a6 6. Bc4 e6 7. Bb3 Be7 8. O-O
Nbd7 9. Bxe6 fxe6 10. Nxe6 Qa5 11. Nxg7+ Kf7 12. Nf5 Qe5 13. Nd5 Nxd5 14. Qh5+
Kf8 15. Bh6+ Kg8 16. exd5 Nc5 17. Qe8+ 1-0

[Event "45. Open de Mislata 2011 - Grupo C"]
[Site "Mislata ESP"]
[Date "2011.08.16"]
[Round "2.8"]
[White "Fuset Torralba, Jose Luis"]
[Black "Fenollar Baenas, Nahim"]
[Result "1-0"]
[WhiteElo "1823"]
[BlackElo "1643"]
[PlyCount "61"]
[EventDate "2011.08.15"]
[EventType "swiss"]
[EventRounds "9"]
[EventCountry "ESP"]
[Source "lmi"]
[SourceDate "2011.08.15"]

1. c4 d6 2. Nc3 g6 3. g3 Bg7 4. Bg2 c6 5. d4 Nf6 6. Nf3 O-O 7. O-O Nbd7 8. Bf4
Nh5 9. Be3 Qc7 10. Rc1 Nb6 11. b3 Bf5 12. h3 Nf6 13. Nh4 Bd7 14. Qd2 Rad8 15.
Bh6 Qc8 16. Kh2 Na8 17. Bxg7 Kxg7 18. Qe3 Rde8 19. f4 Nc7 20. Qd2 h5 21. e4 e6
22. e5 dxe5 23. dxe5 Nh7 24. Ne4 Qb8 25. Rf2 Rd8 26. Rcf1 Ne8 27. Ng5 f5 28.
exf6+ Nexf6 29. Qd3 Be8 30. Nxe6+ Kg8 31. Nxd8 1-0

[Event "45. Open de Mislata 2011 - Grupo C"]
[Site "Mislata ESP"]
[Date "2011.08.16"]
[Round "2.9"]
[White "Lopez Diaz, Rafael"]
[Black "Montoliu Cervero, Angel"]
[Result "1-0"]
[WhiteElo "1806"]
[BlackElo "1638"]
[PlyCount "147"]
[EventDate "2011.08.15"]
[EventType "swiss"]
[EventRounds "9"]
[EventCountry "ESP"]
[Source "lmi"]
[SourceDate "2011.08.15"]

1. c4 e5 2. g3 Nf6 3. Bg2 Bc5 4. Nc3 c6 5. Na4 Bb6 6. d3 h6 7. Nxb6 Qxb6 8. Qc2
d6 9. Be3 c5 10. Nf3 Nc6 11. O-O O-O 12. a3 Ng4 13. Bd2 Nd4 14. Nxd4 exd4 15.
h3 Nf6 16. e3 dxe3 17. fxe3 Be6 18. e4 Nd7 19. Rae1 Ne5 20. Bc3 Rad8 21. Rf2
Rd7 22. Ref1 f6 23. b4 Nc6 24. b5 Ne5 25. Qd2 Qd8 26. a4 b6 27. Qe2 Qe8 28. Kh2
Qg6 29. Bf3 Qe8 30. a5 Qe7 31. a6 Qe8 32. Bh5 Bf7 33. Bxf7+ Rdxf7 34. Bd2 Qe6
35. Be3 Nd7 36. Rf5 g5 37. Qh5 Kg7 38. Qe2 Ne5 39. Kg2 Ng6 40. Kf2 Ne7 41. Rf3
Qxh3 42. Ke1 Qg4 43. Qh2 Ng6 44. Kd2 Ne5 45. Rf5 h5 46. Kc3 Kg6 47. Qg2 h4 48.
Rh1 hxg3 49. Rh3 Rh7 50. Rxg3 Qh5 51. Rgxg5+ fxg5 52. Rxf8 Rf7 53. Rg8+ Rg7 54.
Rxg7+ Kxg7 55. Qxg5+ Qxg5 56. Bxg5 Nf7 57. Be7 Kg6 58. d4 Kh5 59. dxc5 dxc5 60.
Kd3 Ne5+ 61. Kc3 Kg4 62. Bd8 Nd7 63. Bc7 Kg5 64. Kd3 Kf6 65. Ke3 Kg5 66. Kf3
Kf6 67. Kf4 Ke6 68. e5 Kf7 69. Kf5 Ke7 70. e6 Nf8 71. Bxb6 Nxe6 72. Bxa7 Nd4+
73. Ke5 Nb3 74. b6 1-0

[Event "45. Open de Mislata 2011 - Grupo C"]
[Site "Mislata ESP"]
[Date "2011.08.16"]
[Round "2.10"]
[White "Tarazona Macivor, Cristobal"]
[Black "Folch Fuentes, Eva"]
[Result "0-1"]
[WhiteElo "1791"]
[BlackElo "1632"]
[PlyCount "97"]
[EventDate "2011.08.15"]
[EventType "swiss"]
[EventRounds "9"]
[EventCountry "ESP"]
[Source "lmi"]
[SourceDate "2011.08.15"]

1. e4 e5 2. d3 Nc6 3. Nd2 d5 4. Ngf3 Nf6 5. g3 Be6 6. Bg2 Qd7 7. h3 O-O-O 8.
Ng5 dxe4 9. Nxe6 Qxe6 10. dxe4 Bc5 11. O-O h5 12. c3 g5 13. b4 Bb6 14. a4 a5
15. b5 Ne7 16. Qc2 h4 17. g4 Nxg4 18. hxg4 Qxg4 19. Qd1 Qg3 20. Qf3 g4 21. Qxg3
hxg3 22. Nc4 gxf2+ 23. Rxf2 Rd1+ 24. Bf1 Bxf2+ 25. Kxf2 Rh2+ 26. Bg2 Rd3 27.
Kg1 g3 28. Bg5 Ng6 29. Rf1 Rxc3 30. Nxa5 Rc2 31. Bh3+ Rxh3 32. Rd1 Kb8 33. Rd8+
Ka7 34. Be3+ b6 35. Nc6+ Rxc6 36. bxc6 Rh8 37. Rd7 Kb8 38. Rxf7 Rf8 39. Rg7 Nf4
40. Bd2 Rf6 41. Rg8+ Ka7 42. Rg7 Rxc6 43. Re7 Rc2 44. Bxf4 exf4 45. Rf7 Rf2 46.
Rxc7+ Ka6 47. Rg7 Re2 48. Re7 f3 49. Rf7 0-1

[Event "45. Open de Mislata 2011 - Grupo C"]
[Site "Mislata ESP"]
[Date "2011.08.16"]
[Round "3.1"]
[White "Poveda Cano, Luis"]
[Black "Ribera Cebolla, Marc"]
[Result "0-1"]
[WhiteElo "1892"]
[BlackElo "1726"]
[PlyCount "67"]
[EventDate "2011.08.15"]
[EventType "swiss"]
[EventRounds "9"]
[EventCountry "ESP"]
[Source "lmi"]
[SourceDate "2011.08.15"]

1. d4 Nf6 2. Nf3 c5 3. c4 cxd4 4. Nxd4 d6 5. Nc3 a6 6. e4 b6 7. Be2 Bb7 8. f3
e6 9. Bg5 Be7 10. O-O O-O 11. Qc2 Nbd7 12. f4 h6 13. Bh4 Qc7 14. Rfd1 Rac8 15.
Rac1 Rfe8 16. a3 Nf8 17. Bf2 Ng6 18. Bg3 e5 19. fxe5 dxe5 20. Nf5 Bc5+ 21. Kh1
Nf4 22. Bf1 N6h5 23. b4 Bf8 24. Bf2 Nf6 25. Ne3 Red8 26. Rxd8 Rxd8 27. Ncd5
N4xd5 28. exd5 Rc8 29. Qd3 Bd6 30. Nf5 e4 31. Qd4 Be5 32. Qxb6 Nxd5 33. Qc5 Qd7
34. Qa7 0-1

[Event "45. Open de Mislata 2011 - Grupo C"]
[Site "Mislata ESP"]
[Date "2011.08.16"]
[Round "3.2"]
[White "Romero Calduch, Sergio"]
[Black "Pons Botella, Jose Antonio"]
[Result "1-0"]
[WhiteElo "1870"]
[BlackElo "1721"]
[PlyCount "69"]
[EventDate "2011.08.15"]
[EventType "swiss"]
[EventRounds "9"]
[EventCountry "ESP"]
[Source "lmi"]
[SourceDate "2011.08.15"]

1. d4 Nf6 2. c4 e5 3. dxe5 Ng4 4. Nf3 Bc5 5. e3 Nc6 6. Nc3 O-O 7. Be2 Ngxe5 8.
Nxe5 Nxe5 9. O-O d6 10. b3 Bf5 11. Bb2 a5 12. Rc1 c6 13. Na4 Ba7 14. c5 Re8 15.
Qxd6 Qxd6 16. cxd6 Rad8 17. Rfd1 Nd7 18. Bc3 b5 19. Nb2 b4 20. Be1 Nb8 21. Nc4
Re6 22. Nxa5 Rexd6 23. Rxd6 Rxd6 24. Bxb4 Rg6 25. Bf3 Bd7 26. Bc5 Bxc5 27. Rxc5
Rd6 28. h3 h6 29. Rc2 Rf6 30. Kf1 Bxh3 31. Nxc6 Nd7 32. Ne7+ Kh7 33. Be4+ g6
34. gxh3 Re6 35. Nd5 1-0

[Event "45. Open de Mislata 2011 - Grupo C"]
[Site "Mislata ESP"]
[Date "2011.08.16"]
[Round "3.4"]
[White "Raimundo Medina, Fermin"]
[Black "Fuset Torralba, Jose Luis"]
[Result "0-1"]
[WhiteElo "1693"]
[BlackElo "1823"]
[PlyCount "60"]
[EventDate "2011.08.15"]
[EventType "swiss"]
[EventRounds "9"]
[EventCountry "ESP"]
[Source "lmi"]
[SourceDate "2011.08.15"]

1. e4 c6 2. d4 d5 3. exd5 cxd5 4. Bd3 Nc6 5. c3 Qc7 6. Nf3 Bg4 7. O-O e6 8. Be3
Nf6 9. Nbd2 Bd6 10. h3 Bh5 11. Re1 Bg6 12. Qe2 Bxd3 13. Qxd3 O-O 14. Bg5 Nh5
15. Re2 h6 16. Be3 f5 17. Nf1 Nf6 18. Bxh6 gxh6 19. Rxe6 Nd8 20. Rxd6 Qxd6 21.
Qxf5 Qd7 22. Qc2 Ne4 23. Ne5 Qe6 24. f3 Nd6 25. Re1 N8f7 26. Ng4 Qf5 27. Qd2
Kg7 28. Re7 Qg5 29. f4 Qxe7 30. Nfe3 Rae8 0-1

[Event "45. Open de Mislata 2011 - Grupo C"]
[Site "Mislata ESP"]
[Date "2011.08.16"]
[Round "3.5"]
[White "Lopez Diaz, Rafael"]
[Black "Gimenez Sanchis, Jose Antonio"]
[Result "1-0"]
[WhiteElo "1806"]
[BlackElo "1652"]
[PlyCount "103"]
[EventDate "2011.08.15"]
[EventType "swiss"]
[EventRounds "9"]
[EventCountry "ESP"]
[Source "lmi"]
[SourceDate "2011.08.15"]

1. g3 d5 2. Bg2 Nf6 3. c4 c6 4. cxd5 Nxd5 5. b3 e6 6. Bb2 Nd7 7. Nf3 N7f6 8.
Nc3 Be7 9. O-O O-O 10. Ne5 Nd7 11. Nc4 b5 12. Ne3 Bf6 13. Qc2 Rb8 14. Ne4 Bxb2
15. Qxb2 Bb7 16. Rac1 Qe7 17. d4 f5 18. Nc5 Nxc5 19. Rxc5 f4 20. Ng4 fxg3 21.
hxg3 Rbc8 22. Ne5 Rc7 23. Rfc1 Rfc8 24. Nd3 Nb6 25. Ne5 Nd5 26. b4 Qd6 27. Nd3
Nb6 28. R5c2 Nc4 29. Qa1 Re8 30. Nb2 Qxd4 31. Nxc4 Qxa1 32. Rxa1 bxc4 33. Rxc4
Rec8 34. Rc5 a6 35. Rac1 Kf7 36. a4 Ke7 37. e4 h6 38. e5 g5 39. b5 axb5 40.
axb5 Ba8 41. Bxc6 Bxc6 42. b6 Rb7 43. Rxc6 Rxc6 44. Rxc6 Kd7 45. Rd6+ Ke7 46.
g4 Rd7 47. Rc6 Rb7 48. Kg2 Kd7 49. Rd6+ Ke7 50. Kf3 Rd7 51. Rc6 Rb7 52. Ke4 1-0

[Event "45. Open de Mislata 2011 - Grupo C"]
[Site "Mislata ESP"]
[Date "2011.08.16"]
[Round "3.6"]
[White "Folch Fuentes, Eva"]
[Black "Navarro Gomez, Gabriel"]
[Result "1/2-1/2"]
[WhiteElo "1632"]
[BlackElo "1790"]
[PlyCount "28"]
[EventDate "2011.08.15"]
[EventType "swiss"]
[EventRounds "9"]
[EventCountry "ESP"]
[Source "lmi"]
[SourceDate "2011.08.15"]

1. e4 e5 2. Nf3 d6 3. d4 Nc6 4. dxe5 Bg4 5. exd6 Bxd6 6. Bb5 Nge7 7. Bg5 O-O 8.
Bxc6 bxc6 9. Qd3 f6 10. Bd2 Qe8 11. Bc3 Rd8 12. Qc4+ Kh8 13. Nbd2 Nd5 14. O-O-O
Nb6 1/2-1/2

[Event "45. Open de Mislata 2011 - Grupo C"]
[Site "Mislata ESP"]
[Date "2011.08.16"]
[Round "3.7"]
[White "Fernandez Lara, Vicente"]
[Black "Joubert, Leo"]
[Result "1/2-1/2"]
[WhiteElo "1605"]
[BlackElo "1764"]
[PlyCount "46"]
[EventDate "2011.08.15"]
[EventType "swiss"]
[EventRounds "9"]
[EventCountry "ESP"]
[Source "lmi"]
[SourceDate "2011.08.15"]

1. d4 e6 2. e4 d5 3. exd5 exd5 4. Nf3 Nc6 5. Be2 Bd6 6. Bg5 f6 7. Bh4 Nge7 8.
Bg3 O-O 9. O-O Nf5 10. Bxd6 Nxd6 11. Nbd2 Be6 12. c3 Re8 13. Bd3 Bf7 14. Qc2 g6
15. Rae1 Qd7 16. h3 Be6 17. a3 Bf5 18. Nh4 Bxd3 19. Qxd3 Kg7 20. Qg3 Rxe1 21.
Rxe1 Re8 22. Rxe8 Qxe8 23. Nhf3 Qe2 1/2-1/2

[Event "45. Open de Mislata 2011 - Grupo C"]
[Site "Mislata ESP"]
[Date "2011.08.16"]
[Round "3.9"]
[White "Buenafe Moya, Jesus"]
[Black "Gonzalvez Tamarit, Ivan"]
[Result "1-0"]
[WhiteElo "1874"]
[BlackElo "1627"]
[PlyCount "63"]
[EventDate "2011.08.15"]
[EventType "swiss"]
[EventRounds "9"]
[EventCountry "ESP"]
[Source "lmi"]
[SourceDate "2011.08.15"]

1. d4 d5 2. Nf3 Nf6 3. c4 c6 4. Bf4 a6 5. e3 Bg4 6. Qb3 b5 7. c5 e6 8. Bd3 Be7
9. Ne5 Bh5 10. Nd2 O-O 11. O-O Nfd7 12. Ndf3 Nxe5 13. Nxe5 f6 14. Nf3 Nd7 15.
a4 Bxf3 16. gxf3 e5 17. Bg3 exd4 18. exd4 Rc8 19. axb5 axb5 20. Ra7 Ra8 21.
Rfa1 Rxa7 22. Rxa7 f5 23. Bxb5 cxb5 24. Qxd5+ Kh8 25. Qxd7 Qxd7 26. Rxd7 Bf6
27. c6 g5 28. Be5 Bxe5 29. dxe5 h5 30. c7 h4 31. Rd8 Rxd8 32. cxd8=Q+ 1-0